000 00537nam a2200169 i 4500
001 51088
003 ES-MaACL
005 20230906162309.0
007 t|
008 030808s1958 sp ||||1| spa d
100 1 _aChao Espina, Enrique.
_937996
245 1 0 _aCurso de lengua portuguesa
_b: . Tomo I: Grado elemental /
_cpor E. Chao Espina.
260 _aVivero (Lugo) :
_bs.n.],
_c1958] (
_fGráf. A. Santiago)
300 _a151 p. ;
_c21 cm.
650 4 _aLengua portuguesa-
_xGramática.
_914315
852 4 _aES-MaACL
_jE-4291
_9R.42147
999 _c51088
_d51088